000
00246nam a2200121Ia 4500
100
_a
#N/A
650
_a
Computer/ IT
942
_c
BK
654
_a
visual basic 6
245
_a
Visual Basic 6 : Complete Ref
260
_b
#N/A
546
_a
ENGLISH
999
_c
21478
_d
21478